| 000 | 00618nam a2200217Ia 4500 | ||
|---|---|---|---|
| 003 | GCL | ||
| 008 | 140319s9999 xx 000 0 ara d | ||
| 040 |
_aGCL / _cGCL |
||
| 082 | 0 | 4 |
_a398.22 _bأ ح |
| 100 | 1 | _aاحمد الشنتناوى | |
| 245 | 1 | 0 |
_aالحكماء الثلاثة / _cاحمد الشنتناوى |
| 260 |
_a[S.N] : _bدار المعارف ، _c1967 |
||
| 300 | _a158 ص | ||
| 490 |
_aاقرأ _v0 |
||
| 650 | 0 | 4 | _aالادب الشعبى |
| 650 | 0 | 4 | _aالهند |
| 650 | 0 | 4 | _aالاساطير |
| 650 | 0 | 4 | _aالفلكلور |
| 650 | 0 | 4 | _aالاساطير الهندية |
| 942 |
_2ddc _cBK |
||
| 999 |
_c36694 _d36694 |
||